| 000 | 00616nam a22001817a 4500 | ||
|---|---|---|---|
| 005 | 20231128071425.0 | ||
| 008 | 231128b |||||||| |||| 00| 0 eng d | ||
| 020 | _a9780702194221 | ||
| 041 | _aEnglish | ||
| 082 | _a340.9 FOR | ||
| 100 |
_aForsyth, CF _lEnglish |
||
| 245 |
_aPrivate International Law : _bThe Modern Roman-Dutch Law including the Jurisdiction of the High Courts / _cCF Forsyth |
||
| 250 | _aFifth Edition | ||
| 260 |
_aCape Town : _bJuta and Company Ltd, _c2012 |
||
| 300 |
_blxvii, 504 pages ; _c25,5 cm. |
||
| 650 |
_aLegal practice _bLaw |
||
| 942 |
_cBK _6ALISON_BN_VRIES |
||
| 999 |
_c986 _d986 |
||